| 000 | 00650nam a2200253 a 4500 | ||
|---|---|---|---|
| 001 | nice12345678 | ||
| 003 | IN_TiNIC | ||
| 005 | 20260116012324.0 | ||
| 008 | 050524s1977 haga grp 000 0 eng | ||
| 020 |
_a _c292.4 |
||
| 082 | 0 | 0 |
_a297.124 _bGRA |
| 100 | _aGraham, William | ||
| 245 | _aDivine Word and Prophetic Word in Early Islam | ||
| 260 |
_aHague _bMouton Publisher _c1977 |
||
| 300 | _a266p | ||
| 500 | _aincludes index and biblioraphy | ||
| 505 | 2 | _aIndex of Names, Index of Subjects | |
| 650 | _aHadith-Qudsi | ||
| 650 | _aHadith-Evidences | ||
| 700 | 1 | _aGraham, William | |
| 902 | _bSRS | ||
| 942 | _cBK | ||
| 999 |
_c6552 _d6552 |
||